header

Moodle 1.9 for teaching special education children (5-10 year olds) (Record no. 135005)

MARC details
000 -LEADER
fixed length control field 01430nam a2200325 a 4500
100 1# - MAIN ENTRY--AUTHOR NAME
Personal name Olsen, Vanesa S.
245 10 - TITLE STATEMENT
Title Moodle 1.9 for teaching special education children (5-10 year olds)
260 ## - PUBLICATION, DISTRIBUTION, ETC. (IMPRINT)
Place of publication Birmingham [England] :
Name of publisher Packt Pub.,
Year of publication 2010.
300 ## - PHYSICAL DESCRIPTION
Number of Pages v, 303 p. :
Other physical details ill. (some col.).
490 0# - SERIES STATEMENT
Series statement Learn by doing : less theory, more results
500 ## - GENERAL NOTE
General note Includes index.
650 #0 - SUBJECT ADDED ENTRY--TOPICAL TERM
Topical Term Special education
Topical Term Computer-assisted instruction
Topical Term Open source software.
856 40 - ELECTRONIC LOCATION AND ACCESS
Uniform Resource Identifier http://site.ebrary.com/lib/rucke/Doc?id=10441078

No items available.

© 2026 Rongo University
Contact us: librarian | system librarian | Rongo university